000
00243nam a2200097 a 4500
005
20200930075806.0
008
120120s1979 000 spa d
245
0
_a
The peaceful unification of korea.
260
_a
Korea,
_c
1979.
999
_c
36036
_d
36036
040
_a
DO-SdBNP